Miestne dane vyberané správou bakalárska práca

Guardado en:
Detalles Bibliográficos
Autor principal: Kasander, Vladimír
Autor Corporativo: Národohospodárska fakulta EU. Katedra financií
Otros Autores: Nekanovič, Miloslav
Formato: Libro
Lenguaje:eslovaco
Publicado: Bratislava 2009
Etiquetas: Agregar Etiqueta
Sin Etiquetas, Sea el primero en etiquetar este registro!

MARC

LEADER 00000nam$a2200000$$$4500
001 0103064
005 20240318141417.0
041 0 |a slo 
044 |a SK 
245 1 0 |a Miestne dane vyberané správou  |b bakalárska práca  |c Vladimír Kasander ; škol. Miloslav Nekanovič 
264 1 |a Bratislava  |c 2009 
300 |a 49 s. 
100 1 |a Kasander, Vladimír 
700 1 |a Nekanovič, Miloslav 
710 2 |a Národohospodárska fakulta EU. Katedra financií